| 000 | 01782nam a2200481Ii 4500 | ||
|---|---|---|---|
| 001 | DIGFAES0033 | ||
| 003 | NyNyDIG | ||
| 006 | m o d | ||
| 007 | cr ||||||||||| | ||
| 008 | 230218s2018 sp a ob 000 0bspa d | ||
| 035 | _a(OCoLC)1371186859 | ||
| 040 |
_aDGITA _beng _erda _epn _cDGITA |
||
| 020 |
_a9788496729452 _qeBook |
||
| 020 | _z9788496729414 | ||
| 043 | _ae-sp--- | ||
| 050 | 1 | 4 | _aDP264.M35 ebook |
| 100 | 1 |
_aCañellas Mas, Antonio, _eauthor. |
|
| 245 | 1 | 0 |
_aMiguel Maura, la derecha republicana / _cAntonio Cañellas Mas. |
| 250 | _aPrimera edición. | ||
| 264 | 1 |
_aMadrid : _bfaes Fundación, _c[2018] |
|
| 300 |
_a1 online resource : _billustrations. |
||
| 336 |
_atext _btxt _2rdacontent |
||
| 337 |
_acomputer _bc _2rdamedia |
||
| 338 |
_aonline resource _bcr _2rdacarrier |
||
| 347 |
_atext file _2rdaft |
||
| 347 | _bEPUB | ||
| 490 | 1 |
_aBiografías políticas ; _v10 |
|
| 490 | 1 | _aGota a gota | |
| 504 | _aIncludes bibliographical references. | ||
| 588 | 0 | _aOnline resource; title from ePub title page (Digitalia, viewed February 18, 2023) | |
| 600 | 1 | 0 |
_aMaura, Miguel, _d1887-1971. |
| 650 | 0 |
_aPoliticians _zSpain _vBiography. |
|
| 650 | 0 |
_aCabinet officers _zSpain _vBiography. |
|
| 651 | 0 |
_aSpain _xPolitics and government _y1931-1939. |
|
| 791 | 2 |
_aDigitalia (Firm), _edistributor. |
|
| 793 | 0 |
_gDigitalia eBook Collection: _aFundación FAES |
|
| 776 | 0 | 8 |
_iPrint version: _aCañellas Mas, Antonio. _tMiguel Maura, la derecha republicana. _bPrimera edición. _dMadrid : faes Fundación, [2018] _z9788496729414 |
| 830 | 0 |
_aColección Biografías políticas ; _v10. |
|
| 830 | 0 | _aGota a gota. | |
| 856 | 4 | 0 |
_3Digitalia Hispánica _uhttps://www.digitaliapublishing.com/a/97090/ |
| 910 | _aPremium collection: 2023 | ||
| 942 | _cRAA | ||
| 999 |
_c267653 _d267653 |
||